000 00587nam a2200169 a 4500
001 000027691
005 20200930031024.0
008 110404s1998 dr a r 000 0 spa d
040 _aDO-SdBNP
_bspa
_cBNPHU
082 _axxxx
_bJ61h
100 1 _aJiménez, Elida
_911636
245 1 0 _aHablando del libro :
_bla presencia del libro en hispanoamerica abril 1998 /
_cElida Jiménez ; prólogo Maribel Gassó.
260 _aSanto Domingo :
_bMedios Didácticos Dominicanos,
_c1998.
300 _a77 p. ;
_c21 cm.
590 _aInventariado, 2019/BT
700 1 _aGassó, Maribel,
_epról.
_954772
999 _c27183
_d27183